Missing Word: Let’s Rock Quiz Stats

Quiz Updated Nov 17, 2016

Challenge
Share
Tweet
Embed
Score 0/20 Timer 02:00
1 Play Today
‘Rock’ term Missing Word % Correct
Rock and _______Roll
99.8%
_______ Rock CaféHard
96.8%
Between a rock and a hard _______place
91.9%
3rd Rock from the _______Sun
90.5%
Rock _______bottom
89.6%
Dumb as a _______ of rocksbox
86.1%
Rock of _______Ages
85.1%
_______ the rocksOn
84.6%
_______rockBed
82.7%
_______ like a rockSleep
82.2%
‘Rock’ term Missing Word % Correct
Rock the _______boat
78.5%
_______ as a rockSteady/Solid
78.3%
Hand that rocks the _______cradle
77.9%
_______ Rock30
77%
Rock your _______world
75.1%
_______ RockPlymouth
70.3%
Rock _______Hudson
54.4%
Rock the _______Casbah
53.3%
The Rock of _______Gibraltar
49%
Rock Me _______Amadeus
38.1%

Today's Daily Dose

You're not logged in!

Compare scores with friends on all Sporcle quizzes.
Sign Up with Email
OR
Log In

You Might Also Like...

Show Comments

Extras

Top Quizzes Today


Score Distribution

Your Account Isn't Verified!

In order to create a playlist on Sporcle, you need to verify the email address you used during registration. Go to your Sporcle Settings to finish the process.